000 00570nam a2200229Ia 4500
003 OSt
005 20220928101744.0
006 a|||||r|||| 00| 0
007 ta
008 220927b |||||||| |||| 00| 0 eng d
024 _a123007
037 _cTextual
040 _aSDCL
_cSDCL
_beng
041 _2eng
_aeng
082 _aV5'N6<-D, L4
100 _aMcNeill William H
_9394821
245 0 _aShape of European history.
260 _c1974
300 _a122p.
_ccm.
942 _hV5'N6<-D, L4
_cTEXL
_2CC
999 _c710426
_d710426